[Event "AUTO-MASTER-2702"]
[Site "http://www.queenalice.com/game.php?id=1560156"]
[Date "2019.2.8"]
[Round "2"]
[White "TheNewTal"]
[Black "AyltonChessGM"]
[Result "0-1"]
[WhiteElo "2291"]
[BlackElo "2260"]

1. e4 c5 2. c3 e6 3. d4 Nf6 4. e5 Nd5 5. c4 Nb6 6. dxc5 Bxc5 7. Qg4 g6 8. Nf3 h5
9. Qe4 Nc6 10. Bg5 Be7 11. Bxe7 Qxe7 12. Nc3 O-O 13. O-O-O Kg7 14. Rd6 f5 15.
Qf4 Nd8 16. Ng5 Nf7 17. Nxf7 Rxf7 18. h4 Rb8 19. Qd4 Rf8 0-1

[Event "AUTO-MASTER-2702"]
[Site "http://www.queenalice.com/game.php?id=1560157"]
[Date "2019.2.8"]
[Round "2"]
[White "AyltonChessGM"]
[Black "TheNewTal"]
[Result "1-0"]
[WhiteElo "2273"]
[BlackElo "2278"]

1. d4 e6 2. c4 Nf6 3. Nc3 Bb4 4. Bd2 O-O 5. Nf3 c5 6. e3 cxd4 7. Nxd4 Nc6 8. a3
Bc5 9. Nxc6 bxc6 10. b4 Be7 11. Be2 a5 12. Rb1 axb4 13. axb4 d5 14. c5 e5 15.
O-O Bf5 16. Rb2 d4 17. exd4 exd4 18. Na4 Ne4 19. Nb6 d3 20. Bf3 1-0

[Event "Challenge"]
[Site "http://www.queenalice.com/game.php?id=1575576"]
[Date "2019.6.26"]
[Round "-"]
[White "jpribeiro"]
[Black "TheNewTal"]
[Result "0-1"]
[WhiteElo "2142"]
[BlackElo "2238"]

1. e4 c5 2. Nf3 d6 3. d4 cxd4 4. Nxd4 Nf6 5. Nc3 a6 6. Be2 e5 7. Nb3 Be7 8. O-O
O-O 9. Be3 Be6 10. Nd2 Nbd7 11. Nf3 h6 12. Qd2 Rc8 13. h3 Qc7 14. Bd3 Rfd8 15.
Ne2 d5 16. exd5 Bxd5 17. c4 Be6 18. Bb1 Nb6 19. Bxb6 Qxb6 20. Qe3 Bc5 21. Qb3
Qd6 22. Qc2 e4 23. Nh2 Bxc4 24. Kh1 Bb6 25. a4 Qd2 26. a5 Qxc2 27. Bxc2 Bxe2 0-1

[Event "Challenge"]
[Site "http://www.queenalice.com/game.php?id=1575577"]
[Date "2019.6.26"]
[Round "-"]
[White "TheNewTal"]
[Black "jpribeiro"]
[Result "1-0"]
[WhiteElo "2226"]
[BlackElo "2138"]

1. e4 c6 2. d4 d5 3. exd5 cxd5 4. Bd3 Nf6 5. c3 h6 6. Nf3 Bg4 7. O-O e6 8. Qa4+
Nc6 9. Ne5 Qb6 10. Re1 Qa5 11. Qxa5 Nxa5 12. f3 Bh5 13. g4 Bg6 14. Nxg6 fxg6 15.
Bxg6+ Ke7 16. Bf5 Kd6 17. Rxe6+ Kc7 18. Bf4+ Kd8 19. Nd2 Be7 20. Rae1 Nc6 21. b4
a6 22. Nb3 Rg8 23. Na5 g6 24. Nxb7+ Kc8 25. Rxc6+ Kxb7 26. Rc7+ 1-0

[Event "AUTO-MASTER-2864"]
[Site "http://www.queenalice.com/game.php?id=1578609"]
[Date "2019.7.26"]
[Round "1"]
[White "thw"]
[Black "TheNewTal"]
[Result "0-1"]
[WhiteElo "1968"]
[BlackElo "2222"]

1. e4 c5 2. Nf3 d6 3. d4 cxd4 4. Nxd4 Nf6 5. Nc3 a6 6. Bg5 e6 7. f4 Be7 8. Qf3
Qc7 9. O-O-O Nbd7 10. g4 b5 11. Bxf6 Nxf6 12. f5 b4 13. Nce2 e5 14. Nb3 Bb7 15.
Ng3 d5 16. Bd3 O-O 17. g5 dxe4 18. Bxe4 Nxe4 19. Nxe4 Rac8 0-1

[Event "AUTO-MASTER-2864"]
[Site "http://www.queenalice.com/game.php?id=1578610"]
[Date "2019.7.26"]
[Round "1"]
[White "TheNewTal"]
[Black "thw"]
[Result "1-0"]
[WhiteElo "2217"]
[BlackElo "1974"]

1. e4 c5 2. Nf3 d6 3. d4 cxd4 4. Nxd4 Nf6 5. Nc3 a6 6. Be3 g6 7. Bc4 e6 8. O-O
Bg7 9. h3 O-O 10. Qd2 Nxe4 11. Nxe4 d5 12. Bg5 f6 13. Bh6 dxc4 14. Bxg7 Kxg7 15.
Rad1 Qe7 16. f4 Bd7 17. Nd6 Qxd6 18. Nf5+ 1-0

[Event "AUTO-MASTER-2864"]
[Site "http://www.queenalice.com/game.php?id=1578627"]
[Date "2019.7.26"]
[Round "1"]
[White "TheNewTal"]
[Black "ribeiro"]
[Result "1-0"]
[WhiteElo "2235"]
[BlackElo "1926"]

1. e4 Nf6 2. e5 Nd5 3. d4 e6 4. c4 Bb4+ 5. Ke2 Nb6 6. c5 Nd5 7. a3 Ba5 8. b4
Nxb4 9. axb4 Bxb4 10. Nf3 h6 11. Ke3 b6 12. cxb6 cxb6 13. Kf4 a5 14. Bd3 d6 15.
Kg3 dxe5 16. dxe5 Bb7 17. Bb5+ Nc6 18. Qxd8+ Rxd8 19. Be3 O-O 20. Bxb6 Ra8 21.
Rc1 Nxe5 22. Nxe5 Bd6 23. f4 g5 24. Be3 f6 25. Nd3 e5 26. fxe5 fxe5 27. Bc5 Bc7
28. Bxf8 Rxf8 29. Rxc7 Be4 30. Bc4+ Kh8 31. Nxe5 h5 32. Nf7+ 1-0

[Event "AUTO-MASTER-2864"]
[Site "http://www.queenalice.com/game.php?id=1578628"]
[Date "2019.7.26"]
[Round "1"]
[White "ribeiro"]
[Black "TheNewTal"]
[Result "0-1"]
[WhiteElo "1966"]
[BlackElo "2212"]

1. f4 Nf6 2. e3 Nc6 3. c3 e5 4. Nf3 exf4 5. exf4 Bd6 6. g3 O-O 7. d4 Re8+ 8. Be2
Be7 9. O-O d5 10. c4 dxc4 11. Kh1 Bh3 12. Rg1 Ng4 13. Qe1 Nxd4 14. Na3 Bc5 15.
Nxd4 Qxd4 16. Rf1 Qe4+ 17. Rf3 Qxf3+ 0-1

[Event "AUTO-MASTER-2864"]
[Site "http://www.queenalice.com/game.php?id=1578629"]
[Date "2019.7.26"]
[Round "1"]
[White "TheNewTal"]
[Black "cerenzo72"]
[Result "1-0"]
[WhiteElo "2247"]
[BlackElo "2174"]

1. e4 c5 2. Nf3 d6 3. d4 cxd4 4. Nxd4 Nc6 5. Nc3 Nf6 6. Bg5 a6 7. Qd2 e6 8.
O-O-O Be7 9. f4 Qc7 10. Kb1 O-O 11. Bxf6 Bxf6 12. Nxc6 Bxc3 13. Qxd6 Qxd6 14.
Rxd6 bxc6 15. bxc3 Rb8+ 16. Ka1 Bb7 17. Bd3 g6 18. Rb1 c5 19. Rdb6 1-0

[Event "AUTO-MASTER-2864"]
[Site "http://www.queenalice.com/game.php?id=1578630"]
[Date "2019.7.26"]
[Round "1"]
[White "cerenzo72"]
[Black "TheNewTal"]
[Result "0-1"]
[WhiteElo "2124"]
[BlackElo "2257"]

1. e4 c5 2. Nc3 d6 3. f4 Nc6 4. Nf3 g6 5. Bc4 Bg7 6. O-O e6 7. d3 Nge7 8. Qe1
O-O 9. Be3 d5 10. exd5 exd5 11. Nxd5 Nxd5 12. Bxc5 Re8 13. Qd2 Bf5 14. c3 b6 15.
Bf2 Bh6 16. g3 Bg4 17. Nh4 Re2 18. Qc1 Ne5 19. Re1 Nxf4 20. gxf4 Rxf2 21. Ng2
Bxf4 22. Re3 Rxg2+ 23. Kxg2 Bf3+ 24. Kf1 Qg5 0-1

[Event "AUTO-ELITE-2163"]
[Site "http://www.queenalice.com/game.php?id=1586764"]
[Date "2019.10.14"]
[Round "1"]
[White "TheNewTal"]
[Black "Guilherme_Ottoni"]
[Result "1-0"]
[WhiteElo "2265"]
[BlackElo "2271"]

1. e4 e6 2. d4 d5 3. Nc3 Nf6 4. Bg5 dxe4 5. Nxe4 Be7 6. Bxf6 gxf6 7. Nf3 f5 8.
Nc3 a6 9. Qd2 b5 10. O-O-O Qd6 11. Qe3 Nd7 12. d5 Qb6 13. Nd4 Nf6 14. dxe6 fxe6
15. Be2 c5 16. Nc6 Bd7 17. Bh5+ Nxh5 18. Nxe7 Ng7 19. Qh6 Nh5 20. Qxh5+ Kxe7 21.
Qg5+ Ke8 22. Qg7 1-0

[Event "AUTO-ELITE-2163"]
[Site "http://www.queenalice.com/game.php?id=1586765"]
[Date "2019.10.14"]
[Round "1"]
[White "Guilherme_Ottoni"]
[Black "TheNewTal"]
[Result "1/2-1/2"]
[WhiteElo "2341"]
[BlackElo "2297"]

1. e4 c5 2. Nf3 d6 3. Bb5+ Bd7 4. Bxd7+ Qxd7 5. c4 Nc6 6. Nc3 g6 7. d4 cxd4 8.
Nxd4 Bg7 9. Be3 Nf6 10. f3 Rc8 11. b3 Nh5 12. Rc1 O-O 13. O-O Be5 14. Qd2 Nxd4
15. Bxd4 Bf4 16. Be3 Bxe3+ 17. Qxe3 b6 18. Rfd1 Nf6 19. Qd4 Rfd8 20. e5 dxe5 21.
Qxe5 Qb7 22. Re1 Rd7 23. Rcd1 Rcd8 24. Rxd7 Rxd7 25. Kf2 Qc8 26. Rd1 Rxd1 27.
Nxd1 Qd8 28. Ke2 Nd7 29. Qd4 Qc7 30. Nc3 Nc5 31. g3 e5 32. Qd5 Qe7 33. h4 Kg7
34. b4 Nd7 35. a3 f5 36. Qb7 Qf7 37. Qc7 Nf6 38. Qxf7+ Kxf7 39. Nb5 a6 40. Nc7
a5 41. Kd3 Ke7 42. g4 Kd6 43. Nb5+ Kc6 44. gxf5 gxf5 45. Nc3 h6 46. b5+ Kd6 47.
Na4 Nd7 48. Ke3 Ke6 49. Kd3 h5 50. Ke3 Kd6 51. Kd2 Kc7 52. Ke3 Nf8 53. Nc3 Ng6
54. Nd5+ Kb7 55. Nf6 Nxh4 56. Nxh5 Kc7 57. Nf6 Kd6 58. Nd5 Kc5 59. a4 Ng6 60.
Kd3 Nf8 61. Ne3 f4 62. Ng4 Nd7 63. Ke4 Kd6 64. Kf5 e4 65. Kxf4 exf3 66. Kxf3 Nc5
67. Ke3 Nxa4 68. Kd4 Nc5 69. Ne3 Nd7 70. Nd5 a4 71. Nxb6 a3 72. c5+ Nxc5 73.
Nc4+ Kc7 74. Nxa3 Nb7 75. Nc4 Nd6 76. Nxd6 Kxd6 1/2-1/2

[Event "AUTO-ELITE-2163"]
[Site "http://www.queenalice.com/game.php?id=1586766"]
[Date "2019.10.14"]
[Round "1"]
[White "TheNewTal"]
[Black "trompmaster"]
[Result "1-0"]
[WhiteElo "2281"]
[BlackElo "2406"]

1. e4 b6 2. d4 Bb7 3. Nc3 e6 4. Nf3 d6 5. Bc4 Nd7 6. O-O g6 7. Bg5 Ne7 8. Qd2 h6
9. Be3 Bg7 10. Rfe1 a6 11. a4 c5 12. Rad1 Qc7 13. dxc5 bxc5 14. h4 Rd8 15. Qxd6
Qxd6 16. Rxd6 Nc8 17. Rd2 Ncb6 18. Bb3 c4 19. Ba2 Bxc3 20. bxc3 Nxa4 21. Bxc4
Rh7 22. Bd4 Rc8 23. Rb1 Nac5 24. e5 Bxf3 25. gxf3 g5 26. h5 g4 27. Be2 gxf3 28.
Bxf3 Rg7+ 29. Kh2 Rg5 30. Re2 a5 31. Rb5 Rf5 32. Bg4 Rg5 33. Kh3 a4 34. Re1 Ke7
35. Ra5 Rc7 36. Ra8 Nb6 37. Ra7 Rxa7 38. Bxc5+ Ke8 39. Bxb6 Ra6 40. Bd4 a3 41.
f4 Rg8 42. Be2 Ra8 43. Ra1 Kd7 44. Ra2 Rgc8 45. Bb5+ Kc7 46. Bc5 Ra5 47. Bd6+
Kb7 48. Bd3 Kb6 49. Kg3 Ra4 50. c4 Rg8+ 51. Kf3 Rg1 52. Rxa3 Rxa3 53. Bxa3 Kc6
54. Bd6 Rb1 55. Be4+ Kd7 56. c5 Kd8 57. Bf8 Rh1 58. Kg2 Re1 59. Bd3 Kc7 60. Bxh6
1-0

[Event "AUTO-ELITE-2163"]
[Site "http://www.queenalice.com/game.php?id=1586767"]
[Date "2019.10.14"]
[Round "1"]
[White "trompmaster"]
[Black "TheNewTal"]
[Result "1/2-1/2"]
[WhiteElo "2412"]
[BlackElo "2277"]

1. d4 Nf6 2. Nf3 g6 3. e3 Bg7 4. Be2 O-O 5. O-O d5 6. c3 c5 7. dxc5 Ne4 8. b4 b6
9. Nd4 bxc5 10. bxc5 Qc7 11. Ba3 Bb7 12. Qc2 Nxc5 13. Nd2 Nbd7 14. Rab1 Rfc8 15.
h4 Rab8 16. Rfd1 a6 17. Bb4 Ba8 18. h5 e5 19. N4b3 Na4 20. Ba5 Qc6 21. Rdc1 Nf6
22. hxg6 hxg6 23. Qd1 Bf8 24. Nf3 Qe6 25. Qf1 Ba3 26. Bxa6 Bb7 27. Bxb7 Rxb7 28.
Rc2 Qf5 29. Qd1 Rb5 30. Ne1 Ne4 31. Qf3 Qxf3 32. gxf3 Nexc3 33. Rd1 d4 34. exd4
Rxa5 35. Nxa5 Ra8 36. Rd3 Rxa5 37. Rcxc3 Nxc3 38. Rxc3 exd4 39. Rc4 Bb2 40. a4
Kg7 41. Kf1 Kf6 42. Nc2 Rd5 43. Nb4 Rf5 44. Ke2 Ke6 45. Rc6+ Kd7 46. Rc4 Bc3 47.
Nc6 Rf4 48. a5 d3+ 49. Kxd3 Rxc4 50. Kxc4 Be1 51. Ne5+ Ke6 52. a6 Bxf2 53. f4
Kd6 54. Kb5 Kc7 55. Nxf7 Be3 56. Ne5 Bxf4 57. Nxg6 Be3 58. Ne7 Bd4 1/2-1/2

[Event "AUTO-ELITE-2186"]
[Site "http://www.queenalice.com/game.php?id=1594711"]
[Date "2019.12.31"]
[Round "1"]
[White "Palmeiras"]
[Black "TheNewTal"]
[Result "1-0"]
[WhiteElo "2524"]
[BlackElo "2310"]

1. e4 c5 2. Nf3 d6 3. d4 cxd4 4. Nxd4 Nf6 5. Nc3 a6 6. Be2 e6 7. O-O Be7 8. Qd3
O-O 9. Qg3 Kh8 10. Be3 Nc6 11. Rad1 Qc7 12. f4 Bd7 13. Nf3 Nb4 14. a3 Nxc2 15.
Bf2 Nh5 16. Qg4 Nf6 17. Qh4 d5 18. exd5 Bxa3 19. Bd3 Bxb2 20. Bxh7 Qxc3 21. Rd3
Qc4 22. Rd2 Na3 23. Bd3+ Kg8 24. Bxc4 Nxc4 25. Rxb2 Nxb2 26. Bd4 exd5 27. Bxf6
gxf6 28. Qxf6 Nd3 29. Qg5+ Kh7 30. f5 Rg8 31. Qh4+ Kg7 32. f6+ Kf8 33. Ng5 Rc8
34. Nxf7 Be6 35. Nd6 Rc7 36. Qh6+ Rcg7 37. Rf3 Ne5 38. Re3 Nf3+ 39. Rxf3 d4 40.
Rg3 Bg4 41. Rxg4 d3 42. Rxg7 d2 43. Rf7# 1-0

[Event "AUTO-ELITE-2186"]
[Site "http://www.queenalice.com/game.php?id=1594712"]
[Date "2019.12.31"]
[Round "1"]
[White "TheNewTal"]
[Black "Palmeiras"]
[Result "0-1"]
[WhiteElo "2356"]
[BlackElo "2553"]

1. e4 c5 2. Nf3 d6 3. d4 cxd4 4. Nxd4 Nf6 5. Nc3 a6 6. Bc4 e6 7. Bb3 Nbd7 8. Be3
Nc5 9. O-O Nfxe4 10. Nxe4 Nxe4 11. Re1 Nc5 12. Nf5 Nxb3 13. axb3 e5 14. Qd3 Be6
15. f4 g6 16. Ng3 Qc7 17. c4 f5 18. Qe2 Rc8 19. Bd4 Bg7 20. fxe5 O-O 21. Kh1 d5
22. c5 f4 23. Nf1 f3 24. gxf3 Rf4 25. Qe3 Rcf8 26. Nd2 Bd7 27. Re2 Qd8 28. Qc3
Bc6 29. Rae1 Kh8 30. Rg2 Qh4 31. Bf2 d4 32. Qd3 Qh5 33. e6 Qxc5 34. Bg3 R4f5 35.
e7 Re8 36. Rge2 Kg8 37. Re6 Rf7 38. Bd6 Qg5 39. Ba3 Qh5 40. Rxc6 bxc6 41. Qc4
Be5 42. Re2 Bf6 43. Qxc6 Qb5 44. Qe6 Kg7 45. Re4 Qd3 46. Qd7 Qxd2 47. Qxe8 Qd1+
48. Kg2 Bxe7 49. Qxf7+ Kxf7 50. Rxe7+ Kf6 51. Re4 d3 52. Be7+ Kf5 53. Bb4 Qc2+
54. Kg3 d2 55. Rf4+ Ke6 56. Bxd2 Qxd2 57. Re4+ Kf5 58. b4 g5 59. h4 gxh4+ 60.
Rxh4 Qe1+ 61. Kh3 h5 62. Re4 Qf2 63. Re8 Qxf3+ 64. Kh2 Qf4+ 65. Kg1 Qc1+ 66. Kh2
Qxb2+ 67. Kg1 Qxb4 68. Re2 a5 69. Kh2 a4 70. Rf2+ Qf4+ 71. Kh1 a3 72. Kg2 Qxf2+
73. Kxf2 Ke4 74. Kg3 a2 75. Kh4 a1=Q 76. Kg5 Qg7+ 77. Kxh5 Kf5 78. Kh4 Qg4# 0-1

[Event "AUTO-ELITE-2186"]
[Site "http://www.queenalice.com/game.php?id=1594717"]
[Date "2019.12.31"]
[Round "1"]
[White "TheNewTal"]
[Black "Poison"]
[Result "0-1"]
[WhiteElo "2350"]
[BlackElo "2770"]

1. e4 c5 2. Nf3 d6 3. d4 cxd4 4. Nxd4 Nf6 5. Nc3 a6 6. Bg5 e6 7. f4 Qb6 8. Qd2
Qxb2 9. Rb1 Qa3 10. f5 Nc6 11. fxe6 fxe6 12. Nxc6 bxc6 13. e5 dxe5 14. Bxf6 gxf6
15. Ne4 Be7 16. Be2 h5 17. Rb3 Qa4 18. c4 f5 19. Nd6+ Bxd6 20. Qxd6 Qa5+ 21. Kf2
Ra7 22. c5 Qc7 23. Rd1 Kf7 24. Qd2 Qe7 25. Qc3 Qf6 26. Rd6 e4 27. Rxc6 Qxc3 28.
Rxc3 Kf6 29. Rb6 Rd8 30. Rb8 a5 31. g3 Rc7 32. Ke3 h4 33. c6 Rd6 34. Bb5 Rd1 35.
Ra8 e5 36. Rc2 hxg3 37. hxg3 Rg1 38. Kf2 Rb1 39. Rxa5 f4 40. gxf4 exf4 41. Be2
Rh7 42. Rh5 e3+ 43. Kg2 Rg7+ 44. Kf3 Rb4 45. Rh6+ Kg5 46. Rh8 Bg4+ 47. Kg2 Bxe2
48. Rxe2 Kf5+ 49. Kf1 Ke4 50. Rh1 Rg3 51. Re1 Rb2 52. Rc1 Rgg2 53. c7 e2+ 54.
Ke1 f3 55. Rh4+ Ke5 56. Rc5+ Kf6 57. Rf5+ Kg6 58. Rg4+ Rxg4 59. Rf6+ Kxf6 60.
c8=Q Rg1+ 61. Kf2 e1=Q+ 62. Kxf3 Rf2# 0-1

[Event "AUTO-ELITE-2186"]
[Site "http://www.queenalice.com/game.php?id=1594718"]
[Date "2019.12.31"]
[Round "1"]
[White "Poison"]
[Black "TheNewTal"]
[Result "1-0"]
[WhiteElo "2788"]
[BlackElo "2349"]

1. e4 c5 2. Nf3 d6 3. d4 cxd4 4. Nxd4 Nf6 5. Nc3 a6 6. Be2 e5 7. Nb3 Be7 8. Qd3
Nc6 9. a3 Be6 10. O-O d5 11. exd5 Nxd5 12. Nxd5 Qxd5 13. Qg3 O-O-O 14. Be3 e4
15. Bb6 Bd6 16. Qc3 Bc7 17. Bxc7 Kxc7 18. Nc5 Bf5 19. b4 Qe5 20. Qe3 Nd4 21.
Rad1 Rhe8 22. Bc4 Bg4 23. Rde1 f6 24. c3 Nb5 25. a4 Nd6 26. Nxa6+ bxa6 27. Qa7+
Nb7 28. Bxa6 Bc8 29. a5 Re6 30. c4 e3 31. Rxe3 Qd4 32. c5 Rxe3 33. Bxb7 Bxb7 34.
a6 Qxb4 35. axb7 Rb8 36. fxe3 Rxb7 37. Qa2 Qxc5 38. Rd1 Qxe3+ 39. Kh1 Qe5 40.
Qf7+ Kb8 41. Qg8+ Ka7 42. Qa2+ Kb8 43. Ra1 Qb2 44. Qg8+ Kc7 45. Qf7+ Kb8 46.
Qe8+ Kc7 47. Rd1 Kb6 48. Rd6+ Ka7 49. Qa4+ Kb8 50. Rd8+ Kc7 51. Qd7+ Kb6 52.
Qd6+ Ka7 53. Qc5+ Qb6 54. Qa3+ Qa6 55. Ra8+ Kxa8 56. Qxa6+ Kb8 57. h4 h6 58. Kh2
Rd7 59. Kg3 Kc7 60. Kf4 Re7 61. Kf5 Re5+ 62. Kg6 Re7 63. Qc4+ Kd6 64. Qb4+ Ke6
65. g4 Rd7 66. Qc5 Re7 67. Qxe7+ Kxe7 68. Kxg7 Ke6 69. Kxh6 Ke5 70. Kg6 Kf4 71.
h5 Kxg4 72. h6 f5 73. h7 f4 74. h8=Q f3 75. Qh2 f2 76. Qxf2 1-0

[Event "AUTO-MASTER-2864"]
[Site "http://www.queenalice.com/game.php?id=1598746"]
[Date "2020.2.8"]
[Round "2"]
[White "TheNewTal"]
[Black "Lamorteoscura77"]
[Result "1-0"]
[WhiteElo "2350"]
[BlackElo "2144"]

1. e4 c6 2. d4 d5 3. Nc3 dxe4 4. Nxe4 Nd7 5. Ng5 Ngf6 6. Bd3 e6 7. Qe2 Bd6 8.
N1f3 h6 9. Ne4 Nxe4 10. Qxe4 Nf6 11. Qe2 b6 12. Ne5 Qc7 13. Nxc6 Bb7 14. Ne5
O-O-O 15. O-O g5 16. f4 g4 17. f5 Bxe5 18. dxe5 Nd5 19. fxe6 fxe6 20. Rf2 h5 21.
Bg5 Rdf8 22. Raf1 Qg7 23. Bf6 Nxf6 24. exf6 Qd7 25. Bc4 Bd5 26. Ba6+ Kb8 27. f7
Rh7 28. Rf6 Rhxf7 29. Rxf7 Rxf7 30. Qe5+ 1-0

[Event "AUTO-MASTER-2864"]
[Site "http://www.queenalice.com/game.php?id=1598747"]
[Date "2020.2.8"]
[Round "2"]
[White "Lamorteoscura77"]
[Black "TheNewTal"]
[Result "0-1"]
[WhiteElo "2142"]
[BlackElo "2304"]

1. e4 c5 2. Nf3 d6 3. d4 cxd4 4. Nxd4 Nf6 5. Nc3 e6 6. f4 Nc6 7. Be2 Be7 8. Be3
O-O 9. O-O Qc7 10. g4 Nxd4 11. Bxd4 e5 12. Be3 exf4 13. Rxf4 h6 14. Qd2 Be6 15.
Kh1 Rac8 16. Rg1 Nd7 17. Rf2 Bh4 18. Rfg2 Ne5 19. g5 h5 20. Bxh5 Bh3 21. Bd4
Bxg2+ 22. Rxg2 f6 23. Nd5 Qd8 24. g6 f5 25. exf5 Rxf5 26. Bd1 Bg5 27. Qe2 Qa5
28. c4 Rxc4 29. Bxe5 Qxd5 30. Qh5 Rf1# 0-1

[Event "AUTO-MASTER-2864"]
[Site "http://www.queenalice.com/game.php?id=1598748"]
[Date "2020.2.8"]
[Round "2"]
[White "TheNewTal"]
[Black "Maciej1980"]
[Result "1-0"]
[WhiteElo "2298"]
[BlackElo "2096"]

1. e4 e5 2. Nf3 Nc6 3. Bc4 Nf6 4. Ng5 d5 5. exd5 Na5 6. Bb5+ Bd7 7. Qe2 Be7 8.
Nc3 Bxb5 9. Qxb5+ c6 10. dxc6 Nxc6 11. O-O O-O 12. Re1 Rc8 13. Nf3 Nd4 14. Qd3
Bc5 15. b4 1-0

[Event "AUTO-MASTER-2864"]
[Site "http://www.queenalice.com/game.php?id=1598749"]
[Date "2020.2.8"]
[Round "2"]
[White "Maciej1980"]
[Black "TheNewTal"]
[Result "0-1"]
[WhiteElo "2088"]
[BlackElo "2304"]

1. e4 c5 2. Nc3 Nc6 3. f4 g6 4. Nf3 Bg7 5. Bc4 e6 6. e5 d5 7. exd6 Nf6 8. d4
Qxd6 9. dxc5 Qxc5 10. Qe2 Nb4 11. Bb3 O-O 12. Be3 Qf5 13. O-O-O Nbd5 14. Nxd5
Nxd5 0-1